Bay Cruise XXVIII, 24 July - 7 August 1962.

Bibliographic Details
Corporate Author: Chesapeake Bay Institute
Format: Book
Language:English
Published: [Baltimore, Md.] : Chesapeake Bay Institute, 1962.
Series:Reference (Chesapeake Bay Institute) ; 62-16.
Subjects:

MARC

Tag First Indicator Second Indicator Subfields
LEADER 00000cam a2200000Ia 4500
001 in00002007366
005 20151031141615.0
008 870313s1962 mdua st 000 0 eng d
035 |a (OCoLC)ocm15312114 
040 |a AFM  |c AFM  |d OCL  |d OCLCQ  |d TXA  |d UtOrBLW 
049 |a TXAM 
090 |a GC65  |b .B3963 1962 
245 0 0 |a Bay Cruise XXVIII, 24 July - 7 August 1962. 
264 1 |a [Baltimore, Md.] :  |b Chesapeake Bay Institute,  |c 1962. 
300 |a 1 volume (various pagings) :  |b illustrations ;  |c 28 cm. 
336 |a text  |b txt  |2 rdacontent 
337 |a unmediated  |b n  |2 rdamedia 
338 |a volume  |b nc  |2 rdacarrier 
490 0 |a Data report ;  |v 48 
490 1 |a Reference ;  |v 62-16 
500 |a "November 1962." 
536 |a Office of Naval Research.  |b Nonr 248(20)  |d NR 083-016 
650 0 |a Oceanographic research stations  |z Chesapeake Bay (Md. and Va.) 
650 0 |a Oceanography  |v Observations  |v Statistics. 
710 2 |a Chesapeake Bay Institute. 
830 0 |a Reference (Chesapeake Bay Institute) ;  |v 62-16. 
948 |a cataloged  |b h  |c 2004/11/15  |d c  |e jgreene  |f 12:02:07 pm 
994 |a E0  |b TXA 
999 |a MARS 
999 f f |s 30ea0467-3eb7-3ed1-9537-3d82a2d53088  |i 2695683a-dcdd-31fa-a2a8-5f99acaf4e65  |t 0 
952 f f |p ric  |a Texas A&M University  |b Rellis Campus  |c Joint Library Facility  |d Remote Storage  |t 0  |e GC65 .B3963 1962  |h Library of Congress classification  |i unmediated -- volume  |m A14831609915 
998 f f |a GC65 .B3963 1962  |t 0  |l Remote Storage